| 000 | 01109nab a2200241 i 4500 | ||
|---|---|---|---|
| 001 | 768714001 | ||
| 003 | CO-MdFUSB | ||
| 005 | 20240703141417.0 | ||
| 008 | 240703t1992 sz ||||| |||| 00| 0 eng d | ||
| 040 |
_bspa _cCO-MdFUSB _dCO-MdFUSB |
||
| 041 | _aeng | ||
| 100 |
_aHoltrop, Piter, _eautor |
||
| 245 |
_aMission as life in-community _c/ Piter Holtrop |
||
| 520 | _aPreguntas planteadas en la Conferencia de Senegal, cuyo tema fue "¿Qué significa la misión desde la perspectiva de la contextualización?"; teniendo en cuenta los variados antecedentes sociales, económicos, políticos, culturales y religiosos, y también su individualidad y tradiciones locales específicas. | ||
| 546 | _aTexto en inglés. | ||
| 650 | 0 |
_aIglesia y problemas mundiales _9912 |
|
| 650 | 0 |
_aEvangelización _9362 |
|
| 650 | 0 |
_aMisiones _9154 |
|
| 650 | 7 |
_aAntropología cultural y social _96714 |
|
| 773 | 0 |
_049396 _959545 _dGinebra _oR1132 _tReformed World _w(CO-MdFUSB)38 _x0034-3056 _gVolumen 42 (número 2, 1992) páginas: 34 - 39 _qpágina: 34 |
|
| 942 | _cANA | ||
| 945 | _aCatherine Arias Álvarez - Practicante SENA | ||
| 999 |
_c70430 _d70430 |
||